000
00273nmm a2200097Ia 4500
008
220120s9999||||xx |||||||||||||||||und||
020
_a
0-07-463774-6
100
_a
CHIP magazine
245
0
_a
CHIP-Sep: Power tools, redhat, full games, demos, full softw
260
_b
New Delhi
999
_c
139700
_d
139700